000 00725nam a2200289Ia 4500
005 20260324111826.0
008 008 260324s9999 xx 000 0 eng d
020 _a9781003477884
037 _aEBOOK
040 _aCRL
040 _beng
040 _cCRL
041 _2eng
041 _aeng
084 _qCRL
100 _aMaria Gravari-Barbas; María García-Hernández
_91140176
245 0 _aCultural Heritage on the Urban Peripheries
245 0 _bTowards New Research Paradigms
260 _bTaylor and Francis
260 _c2025
365 _a
365 _b230
856 _uhttp://www.taylorfrancis.com/books/9781003477884
942 _cEBOOK
999 _c1729109
_d1729109